| 000 | 01201nam a22002537a 4500 | ||
|---|---|---|---|
| 005 | 20090930105214.0 | ||
| 008 | 090930t xxu||||| |||| 00| 0 hin d | ||
| 010 | _aHIN-88012 | ||
| 020 |
_c475.00 _a8187449187 |
||
| 035 | _aHN-60358 | ||
| 037 | _bDBAD / PUB | ||
| 040 |
_aDPL _bHN |
||
| 082 | _a301.03 | ||
| 100 | _aशर्मा, ए.एन. | ||
| 245 |
_aमानवशास्त्र शब्दकोश / _cए.एन.शर्मा |
||
| 246 |
_aManavshastra shabdkosh _bby A. N. Sharma |
||
| 260 |
_aजयपुर _bजैन प्रकाशन मंदिर _c2002-03 |
||
| 270 |
_a1024, सिधीं जी का रास्ता, चौड़ा रास्ता _bजयपुर _e302003 _k0141- 319515 (आ) |
||
| 300 |
_a398पृ _c22सेमी (सजिल्द) |
||
| 650 |
_a मानवशास्त्र _xशब्दकोश |
||
| 650 |
_aAnthropology _xDictionary |
||
| 942 |
_2ddc _cHN _mशर्माए _h301.03 |
||
| 999 |
_c30824 _d30824 |
||